[Event "Bhubaneswar op-A 14th"]
[Site "Bhubaneswar"]
[Date "2023.06.15"]
[Round "7"]
[White "Sureka, Akshat"]
[Black "Gaikwad, Manas"]
[Result "0-1"]
[WhiteElo "1560"]
[BlackElo "1811"]
[PlyCount "98"]
[EventDate "2023.06.11"]
[EventType "swiss"]
[EventRounds "10"]
[EventCountry "IND"]
[SourceTitle "CBM 214 Extra"]
[Source "ChessBase"]
[SourceDate "2023.07.31"]
[SourceVersion "1"]
[SourceVersionDate "2023.07.31"]
[SourceQuality "1"]

1. e4 c5 2. Nc3 a6 3. f4 b5 4. Nf3 Bb7 5. d3 e6 6. g3 b4 7. Ne2 d5 8. e5 Nh6 9. d4 Nf5 10. c3 Nc6 11. Bg2 bxc3 12. bxc3 cxd4 13. cxd4 Bb4+ 14. Kf2 0-0 15. Rb1 Qd7 16. Rf1 a5 17. g4 Nh6 18. h3 Kh8 19. Kg1 Ba6 20. Rf2 Ng8 21. Bf1 f6 22. Be3 Rad8 23. Ng3 Bc4 24. Qc1 fxe5 25. fxe5 Bxa2 26. Ra1 Bc4 27. Bxc4 dxc4 28. Qxc4 Nge7 29. Ng5 Nd5 30. Qd3 g6 31. Raf1 Rxf2 32. Rxf2 Rf8 33. Rxf8+ Bxf8 34. Bf2 Be7 35. Qf3 h6 36. Nf7+ Kg7 37. Ne4 Bb4 38. Nfd6 Qe7 39. h4 Qf8 40. Qg2 a4 41. g5 h5 42. Nc5 Bxc5 43. dxc5 a3 44. Qh3 Qa8 45. Qxe6 a2 46. Qf7+ Kh8 47. Qxd5 a1Q+ 48. Kg2 Nxe5 49. Nf7+ Kg7 0-1

[Event "Bhubaneswar op-A 14th"]
[Site "Bhubaneswar"]
[Date "2023.06.14"]
[Round "5"]
[White "Sureka, Akshat"]
[Black "Ziatdinov, Raset"]
[Result "0-1"]
[WhiteElo "1560"]
[BlackElo "2101"]
[PlyCount "84"]
[EventDate "2023.06.11"]
[EventType "swiss"]
[EventRounds "10"]
[EventCountry "IND"]
[SourceTitle "CBM 214 Extra"]
[Source "ChessBase"]
[SourceDate "2023.07.31"]
[SourceVersion "1"]
[SourceVersionDate "2023.07.31"]
[SourceQuality "1"]

1. e4 g6 2. Nc3 Bg7 3. f4 c5 4. Nf3 Nc6 5. a4 e6 6. e5 d5 7. d3 f6 8. exf6 Nxf6 9. g3 0-0 10. Bg2 d4 11. Ne2 Nd5 12. 0-0 Nce7 13. Nh4 Bd7 14. Bd2 Bc6 15. Kh1 Bf6 16. Nf3 Nf5 17. Neg1 Nde3 18. Bxe3 Nxe3 19. Qe2 Qd7 20. Rf2 Rae8 21. Ne1 Nxg2 22. Nxg2 e5 23. fxe5 Rxe5 24. Qf1 Bg7 25. Re1 Ref5 26. Ree2 Bh6 27. Rxf5 Rxf5 28. Rf2 Bxa4 29. Rxf5 Qxf5 30. Qxf5 gxf5 31. b3 Bc6 32. Ne2 a5 33. Kg1 Bxg2 34. Kxg2 Bd2 35. Ng1 b5 36. Nf3 Bc1 37. b4 cxb4 38. Nxd4 a4 39. Nc6 b3 40. cxb3 axb3 41. Ne7+ Kf7 42. Nd5 Bd2 0-1

[Event "Bengaluru Karnataka op"]
[Site "Bengaluru"]
[Date "2023.05.29"]
[Round "8"]
[White "Sureka, Akshat"]
[Black "Augustin, A."]
[Result "0-1"]
[WhiteElo "1560"]
[BlackElo "1953"]
[PlyCount "98"]
[EventDate "2023.05.26"]
[EventType "swiss"]
[EventRounds "9"]
[EventCountry "IND"]
[SourceTitle "CBM 214 Extra"]
[Source "ChessBase"]
[SourceDate "2023.07.31"]
[SourceVersion "1"]
[SourceVersionDate "2023.07.31"]
[SourceQuality "1"]

1. e4 c5 2. Nc3 Nc6 3. f4 e6 4. Nf3 d5 5. Bb5 d4 6. Bxc6+ bxc6 7. Ne2 d3 8. cxd3 Qxd3 9. Qa4 Ne7 10. Ne5 Qb5 11. Qc2 Ng6 12. Nc4 f5 13. 0-0 Be7 14. b3 0-0 15. Ba3 a5 16. Nc3 Qb8 17. e5 Rd8 18. Rf2 Rd4 19. g3 Ba6 20. Na4 Bxc4 21. bxc4 Qa7 22. Rb1 Rad8 23. Rb3 h5 24. d3 h4 25. Rf3 hxg3 26. hxg3 Kf7 27. Qg2 Rb8 28. Qb2 Rdd8 29. Rf2 Rxb3 30. Qxb3 Qd7 31. Rf3 Nf8 32. Kg2 Qa7 33. Rf2 g5 34. fxg5 Ng6 35. Qd1 Qd7 36. Qh5 Rh8 37. Qe2 Kg8 38. Kg1 Bxg5 39. Bxc5 Qg7 40. Bd6 Rh3 41. Rg2 Qh6 42. Qb2 Be3+ 43. Kf1 Qh5 44. g4 Rh1+ 45. Ke2 Qh3 46. Qb8+ Kh7 47. Qc7+ Kh6 48. g5+ Bxg5 49. Rxg5 Nf4+ 0-1

[Event "IND-ch U13 35th"]
[Site "Puducherry"]
[Date "2022.12.15"]
[Round "8"]
[White "Sureka, Akshat"]
[Black "Aaryan, Balaji Rao"]
[Result "0-1"]
[WhiteElo "1556"]
[BlackElo "1653"]
[PlyCount "52"]
[EventDate "2022.12.11"]
[EventType "swiss"]
[EventRounds "11"]
[EventCountry "IND"]
[SourceTitle "EXT 2024"]
[Source "ChessBase"]
[SourceDate "2023.10.10"]
[SourceVersion "1"]
[SourceVersionDate "2023.10.10"]
[SourceQuality "1"]

1. e4 c5 2. Nc3 g6 3. f4 Nc6 4. Nf3 Bg7 5. Bb5 Nd4 6. 0-0 a6 7. Bd3 b5 8. Nxd4 cxd4 9. Ne2 Bb7 10. c3 dxc3 11. dxc3 Qb6+ 12. Kh1 Nf6 13. Ng3 h5 14. Qc2 h4 15. Ne2 h3 16. Ng1 hxg2+ 17. Qxg2 0-0-0 18. Ne2 d5 19. Nd4 dxe4 20. Be2 Nd5 21. a4 e3 22. Bf3 e5 23. Qg4+ f5 24. Nxf5 gxf5 25. Qxg7 e2 26. Bxe2 Nxf4+ 0-1

[Event "Anti Cheating Blitz Cup"]
[Site "Chess.com INT"]
[Date "2020.05.20"]
[Round "9"]
[White "Sureka, Akshat"]
[Black "Garcia Giler, Julio Enrique"]
[Result "1-0"]
[WhiteElo "1342"]
[BlackElo "1776"]
[PlyCount "105"]
[EventDate "2020.05.20"]
[EventType "swiss (blitz)"]
[EventRounds "11"]
[EventCountry "USA"]
[SourceTitle "CBM 196 Extra"]
[Source "ChessBase"]
[SourceDate "2020.07.31"]
[SourceVersion "1"]
[SourceVersionDate "2020.07.31"]
[SourceQuality "1"]

1. e4 c5 2. Nc3 d6 3. f4 Nf6 4. Nf3 g6 5. Bc4 Bg7 6. 0-0 0-0 7. d3 Nc6 8. Qe1 Bg4 9. Qh4 Bxf3 10. Rxf3 Nd4 11. Rh3 e6 12. e5 dxe5 13. fxe5 Nh5 14. Bg5 f6 15. exf6 Bxf6 16. Bxf6 Qxf6 17. Qxf6 Rxf6 18. Ne4 Rf4 19. Nxc5 Raf8 20. Re3 Nxc2 21. Nxe6 Rxc4 22. Nxf8 Kxf8 23. Rf3+ Rf4 24. Rxf4+ Nxf4 25. Rf1 g5 26. g3 Ne3 27. Rf3 Ned5 28. gxf4 Nxf4 29. h4 h6 30. hxg5 hxg5 31. Kf2 Kf7 32. Ke3 Kg6 33. Rxf4 gxf4+ 34. Kxf4 Kf6 35. d4 Ke6 36. Ke4 Kd6 37. b4 b5 38. a3 a6 39. Ke3 Kd5 40. Kd3 Kd6 41. Ke4 Ke6 42. d5+ Kd6 43. Kd4 Kd7 44. Kc5 Kc7 45. d6+ Kd7 46. Kd5 Kd8 47. Kc6 Kc8 48. d7+ Kd8 49. Kd6 a5 50. bxa5 b4 51. a6 b3 52. a7 b2 53. a8R# 1-0

[Event "Mumbai Wealth op U13 4th"]
[Site "Mumbai"]
[Date "2019.01.05"]
[Round "7"]
[White "Sureka, Akshat"]
[Black "Mitank, Maru"]
[Result "0-1"]
[WhiteElo "1078"]
[BlackElo "1312"]
[PlyCount "80"]
[EventDate "2018.12.30"]
[EventType "swiss"]
[EventRounds "9"]
[EventCountry "IND"]
[SourceTitle "CBM 188 Extra"]
[Source "ChessBase"]
[SourceDate "2019.02.26"]
[SourceVersion "1"]
[SourceVersionDate "2019.02.26"]
[SourceQuality "1"]

1. c4 f5 2. g3 e6 3. Bg2 Nf6 4. Nf3 Be7 5. 0-0 0-0 6. b3 d5 7. Bb2 c6 8. d3 Qe8 9. Nbd2 Qh5 10. e4 Rd8 11. Ne5 dxe4 12. dxe4 Qh6 13. f4 Bb4 14. Bc1 Bc3 15. Rb1 Bxe5 16. fxe5 Ng4 17. h3 Qe3+ 18. Kh1 Nf2+ 19. Rxf2 Qxf2 20. exf5 Qxf5 21. Qe2 Nd7 22. Bb2 Nc5 23. Ne4 Nxe4 24. Qxe4 Qxe4 25. Bxe4 Rd2 26. Ba3 Re2 27. Rf1 Bd7 28. Bb1 c5 29. Kg1 Bc6 30. Rf2 Re1+ 31. Rf1 Rxe5 32. Bc1 Rd8 33. Bc2 Re2 34. Rf2 Rxf2 35. Kxf2 Rf8+ 36. Kg1 Rf3 37. Bf4 g5 38. Be5 Re3 39. Bc7 Rc3 40. Bd1 Rc1 0-1